Normal view
MARC view
- Qualitative methods in management research
Entry Topical Term
001 - CONTROL NUMBER
- control field: 125010
003 - CONTROL NUMBER IDENTIFIER
- control field: NUST
005 - DATE AND TIME OF LATEST TRANSACTION
- control field: 20240805151621.0
008 - FIXED-LENGTH DATA ELEMENTS
- fixed length control field: 240805|| aca||aabn | a|a d
040 ## - CATALOGING SOURCE
- Original cataloging agency: NUST
- Transcribing agency: NUST
150 ## - HEADING--TOPICAL TERM
- Topical term or geographic name entry element: Qualitative methods in management research
670 ## - SOURCE DATA FOUND
- Source citation: Work cat.: (NUST): Evert Gummesson 125009, Qualitative methods in management research , 2000.
